000 00350nam a2200133Ia 4500
008 240624s9999 xx 000 0 und d
041 _aeng
082 _a306.3 POR
100 _aPORTES ALEJANDRO
245 _aECONOMIC SOCIOLOGY A SYSTEMATIC INQUIRY
260 _c2010
_aNew Jersey
_bPrinceton University Press
300 _a320 : p.
365 _c
_b26
999 _c21196
_d21196